1966 1890 1475 1333 1154 1683 1683 1227 1616 1345 1212 1898 1170 1641 1060 1328 1696 1227 1744 1622 1596 1450 1506 1461 1237 1491 1065 1255 1215 1516 1616 1302 1061 1481 1091 1705 1408 1965 1832 1035 1233 1518 1914 1534 1669 1405 1895 1595 1237 1762 1179 1014 1621 1502 1406 1520 1062 1938 1811 1105 1522 1763 1218 1372 1434 1784 1600 1202 1778 1674 1240 1823 1232 1279 1231 1522 1896 1168 1643 1569 1674 1691 1150 1495 1597 1111 1363 1140 1693 1638 1805 1677 1444 1815 1386 1164 1736 1334 1749 BCNSPRNW ULIB Ver.6.0+V

เปลี่ยนเป็นภาษาไทย

Change to English
 แสดงรายละเอียดบรรณานุกรม
  กลับหน้าหลัก

Brief Record : Get Marc (ISO 2709) : E-mail record : QR code < ปิดหน้าต่าง
LEADER : 00000nam 2200000uu 4500
001    13399128748
003     ULIB
008    240828s2565||||th 000 0 tha d
020 0  ^a9786164078055
060  0 ^aWP100^bธ526น^cล.3
100 0  ^aธาริณี แม่นชนะ
110 0  ^aจุฬาลงกรณ์มหาวิทยาลัย. คณะแพทยศาสตร์. ภาควิชาสูติศาสตร์-นรีเวชวิทยา.
245 00 ^aนรีเวชวิทยา เล่มที่ 3/^cธาริณี แม่นชนะ,^cสมสุข สันติเพ็ญจกุล,^cภิญญดา ปัญญาวรานันท์,^cพธู ตัณฑ์ไพโรจน์,^cณัฏฐ์กฤตา ไพธิพรธวัฒน์,^cนลินา ออประยูร,^cชินา ไอฬารรัตน์พันธ์,^cณัฐชา พูลเจริญ, และ^cปวีณา ธุวะนุติ
250    ^aพิมพ์ครั้งที่ 5
260    ^aกรุงเทพฯ :^bภาควิชาสูติศาสตร์-นรีเวชวิทยา คณะแพทยศาสตร์ จุฬาลงกรณ์มหาวิทยาลัย,^c2565
300    ^a3 เล่ม :^bภาพประกอบ
650  0 ^aนรีเวชวิทยา
700 0  ^aสมสุข สันติเพ็ญจกุล
710 0  ^aภิญญดา ปัญญาวรานันท์
710 0  ^aพธู ตัณฑ์ไพโรจน์
710 0  ^aณัฏฐ์กฤตา ไพธิพรธวัฒน์
710 0  ^aนลินา ออประยูร
710 0  ^aชินา ไอฬารรัตน์พันธ์
710 0  ^aณัฐชา พูลเจริญ
710 0  ^aปวีณา ธุวะนุติ
945    ^p300^l0^i010658
945    ^p300^l0^i010659
945    ^p300^l0^i010660
999    ^aประนอม เกษจรัล
รายการนี้ยังไม่มีแท็ก
คุณยังไม่ได้ล็อกอิน คุณสามารถมีกิจกรรมร่วมกับเว็บไซต์ได้ แต่ต้องล็อกอินก่อน ::
  ล็อกอิน

รายการสื่อสารสนเทศ

ลำดับที่ ประเภท เลขเรียก/บาร์โค้ด สถานที่ สถานะ
1. วิทยาศาสตร์การแพทย์ และสุขภาพ
หนังสือสำรอง
สถานะ=หนังสือสำรอง
WP100 ธ526น ล.3 ฉ.1 
  Barcode: 010658
ห้องสมุดวิทยาเขตสวรรค์ประชารักษ์
►หนังสือทั่วไป
บนชั้น
2. วิทยาศาสตร์การแพทย์ และสุขภาพ
วิทยาศาสตร์การแพทย์ และสุขภาพ
WP100 ธ526น ล.3 ฉ.2 
  Barcode: 010659
ห้องสมุดวิทยาเขตสวรรค์ประชารักษ์
►หนังสือทั่วไป
บนชั้น
3. วิทยาศาสตร์การแพทย์ และสุขภาพ
วิทยาศาสตร์การแพทย์ และสุขภาพ
WP100 ธ526น ล.3 ฉ.3 
  Barcode: 010660
ห้องสมุดวิทยาเขตสวรรค์ประชารักษ์
►หนังสือทั่วไป
บนชั้น

รายการใกล้เคียง
    ผู้แต่ง [ธาริณี แม่นชนะ]

    หัวเรื่อง [นรีเวชวิทยา]

BibComment


ยังไม่เคยถูกคอมเมนท์

คอมเมนท์ทรัพยากรรายการนี้
  คอมเมนท์: นรีเวชวิทยา เล่ม..


 Copyright 2026. Bcnsprnw @Library